[Event "CYCC U16 w"]
[Site "Ottawa CAN"]
[Date "2007.07.04"]
[Round "3"]
[White "Du, Jasmine"]
[Black "Xiong, Sonja"]
[Result "1-0"]
[WhiteElo "1801"]
[BlackElo "1805"]
[PlyCount "77"]
[GameId "2160767910667548"]
[EventDate "2007.07.03"]
[EventType "tourn"]
[EventRounds "6"]
[EventCountry "CAN"]
[SourceTitle "EXT 2022"]
[Source "ChessBase"]
[SourceDate "2021.10.06"]
[SourceVersion "1"]
[SourceVersionDate "2021.10.06"]
[SourceQuality "1"]

1. e4 c5 2. Nf3 Nc6 3. d4 cxd4 4. Nxd4 Nf6 5. Nc3 e5 6. Nb3 Bb4 7. Bd3 Bxc3+ 8. bxc3 d6 9. Bg5 h6 10. Bh4 Be6 11. O-O g5 12. Bg3 h5 13. h4 Ng4 14. hxg5 Qxg5 15. f4 Qg7 16. Qf3 h4 17. Bh2 h3 18. g3 f6 19. Be2 f5 20. exf5 Bxf5 21. fxe5 Nxh2 22. Kxh2 Qxe5 23. Rae1 Be4 24. Qf7+ Kd8 25. Bg4 Ne7 26. Nd4 Rg8 27. Ne6+ Kd7 28. Ng5+ Kc6 29. Nxe4 Rxg4 30. Qf3 d5 31. Nf6 Re4 32. Nxe4 dxe4 33. Rxe4 Qd5 34. Rxe7 Rd8 35. Re6+ Kc5 36. Qe3+ Kc4 37. Rf4+ Kb5 38. Rb4+ Ka5 39. Qxa7# 1-0

[Event "CYCC U16 w"]
[Site "Ottawa CAN"]
[Date "2007.07.04"]
[Round "3"]
[White "Labrador, Jhoyli"]
[Black "Ruiter, Chelsea"]
[Result "1/2-1/2"]
[WhiteElo "1584"]
[BlackElo "1242"]
[PlyCount "112"]
[GameId "2160767910667549"]
[EventDate "2007.07.03"]
[EventType "tourn"]
[EventRounds "6"]
[EventCountry "CAN"]
[SourceTitle "EXT 2022"]
[Source "ChessBase"]
[SourceDate "2021.10.06"]
[SourceVersion "1"]
[SourceVersionDate "2021.10.06"]
[SourceQuality "1"]

1. d4 Nf6 2. c4 c5 3. Nf3 d5 4. Nc3 cxd4 5. Nxd4 dxc4 6. e4 e5 7. Nf3 Qxd1+ 8. Nxd1 Nxe4 9. Nxe5 Bb4+ 10. Ke2 b5 11. g3 f6 12. Nf3 Bg4 13. Bg2 Nd7 14. h3 Bf5 15. Nh4 Nxg3+ 16. fxg3 Bd3+ 17. Kf2 Rd8 18. a3 Bc5+ 19. Be3 O-O 20. Bxc5 Nxc5 21. Ne3 Ne4+ 22. Bxe4 Bxe4 23. Rhd1 Rd3 24. Ke2 Rfd8 25. Rxd3 Bxd3+ 26. Kf2 g5 27. Nf3 Be4 28. Rd1 Rxd1 29. Nxd1 Bxf3 30. Kxf3 Kf7 31. Ke4 Ke6 32. Nc3 f5+ 33. Kd4 a6 34. Nd5 Kd6 35. Nf6 h6 36. Ng8 h5 37. Nf6 g4 38. hxg4 hxg4 39. Nd5 a5 40. Ne3 Ke6 41. Nd5 Kd6 42. Nf6 Ke6 43. Ne8 f4 44. gxf4 g3 45. Ke3 g2 46. Kf2 g1=Q+ 47. Kxg1 Kf5 48. Nd6+ Kxf4 49. Nxb5 Ke3 50. Nd6 Kd3 51. Kf2 c3 52. bxc3 Kxc3 53. Ke2 Kb3 54. Kd3 Kxa3 55. Nc4+ Ka4 56. Nxa5 Kxa5 1/2-1/2

[Event "CYCC U16 w"]
[Site "Ottawa CAN"]
[Date "2007.07.04"]
[Round "4"]
[White "Labrador, Jhoyli"]
[Black "Du, Jasmine"]
[Result "0-1"]
[WhiteElo "1584"]
[BlackElo "1801"]
[PlyCount "70"]
[GameId "2160767910667550"]
[EventDate "2007.07.03"]
[EventType "tourn"]
[EventRounds "6"]
[EventCountry "CAN"]
[SourceTitle "EXT 2022"]
[Source "ChessBase"]
[SourceDate "2021.10.06"]
[SourceVersion "1"]
[SourceVersionDate "2021.10.06"]
[SourceQuality "1"]

1. d4 d5 2. c4 c6 3. Nc3 Nf6 4. Bg5 e6 5. Nf3 Be7 6. e3 Nbd7 7. c5 b6 8. b4 Bb7 9. Bd3 Qc8 10. O-O Ba6 11. cxb6 Bxb4 12. Rc1 axb6 13. Nb5 Bxb5 14. Bxb5 c5 15. Ne5 O-O 16. Nxd7 Nxd7 17. dxc5 bxc5 18. Rc2 f6 19. Bf4 Ra5 20. Bxd7 Qxd7 21. Bg3 Qa7 22. Qe2 Ra8 23. Ra1 Ra3 24. f3 Qa5 25. Bd6 Kf7 26. h3 Qb6 27. Bg3 Rc3 28. Rac1 Rxa2 29. Be1 Raxc2 30. Rxc2 Rxc2 31. Qxc2 Bxe1 32. Kf1 Bg3 33. f4 Qa6+ 34. Qe2 Qa1+ 35. Qe1 Qxe1# 0-1

[Event "CYCC U16 w"]
[Site "Ottawa CAN"]
[Date "2007.07.04"]
[Round "4"]
[White "Xiong, Sonja"]
[Black "Ruiter, Chelsea"]
[Result "1-0"]
[WhiteElo "1805"]
[BlackElo "1242"]
[PlyCount "57"]
[GameId "2160767910667551"]
[EventDate "2007.07.03"]
[EventType "tourn"]
[EventRounds "6"]
[EventCountry "CAN"]
[SourceTitle "EXT 2022"]
[Source "ChessBase"]
[SourceDate "2021.10.06"]
[SourceVersion "1"]
[SourceVersionDate "2021.10.06"]
[SourceQuality "1"]

1. e4 Nf6 2. Nc3 d5 3. e5 Nfd7 4. d4 c6 5. Bd3 Nb6 6. f4 g6 7. Nf3 Bg7 8. O-O Bg4 9. Qe1 Bxf3 10. Rxf3 e6 11. b3 N8d7 12. Ba3 Qc8 13. f5 c5 14. fxe6 fxe6 15. Nb5 Qc6 16. Nd6+ Ke7 17. Qh4+ Nf6 18. Rxf6 Bxf6 19. Qxf6+ Kd7 20. Bb5 Rhf8 21. Qg7+ Rf7 22. Qxf7+ Kd8 23. Bxc6 bxc6 24. Bxc5 Nd7 25. Nb7+ Kc8 26. Qe8+ Kxb7 27. Qxd7+ Ka6 28. Qxc6+ Ka5 29. Qa4# 1-0

[Event "CYCC U16 w"]
[Site "Ottawa CAN"]
[Date "2007.07.05"]
[Round "5"]
[White "Du, Jasmine"]
[Black "Ruiter, Chelsea"]
[Result "1-0"]
[WhiteElo "1801"]
[BlackElo "1242"]
[PlyCount "93"]
[GameId "2160767910667552"]
[EventDate "2007.07.03"]
[EventType "tourn"]
[EventRounds "6"]
[EventCountry "CAN"]
[SourceTitle "EXT 2022"]
[Source "ChessBase"]
[SourceDate "2021.10.06"]
[SourceVersion "1"]
[SourceVersionDate "2021.10.06"]
[SourceQuality "1"]

1. e4 Nf6 2. Nc3 d5 3. e5 d4 4. exf6 dxc3 5. fxg7 cxd2+ 6. Bxd2 Bxg7 7. c3 Bf5 8. Nf3 Nd7 9. Bc4 e6 10. Qe2 Bg4 11. Qe3 c6 12. Bb3 Qb6 13. Qg5 Bxf3 14. Qxg7 O-O-O 15. gxf3 Nc5 16. Be3 Nd3+ 17. Ke2 Qb5 18. c4 Qf5 19. Qg5 Qxg5 20. Bxg5 Rd7 21. Rhd1 Nc5 22. Rxd7 Nxd7 23. Rd1 Nc5 24. Bf6 Rg8 25. Bc2 h6 26. b3 b6 27. Bh7 Rg2 28. h4 Nd7 29. Bc3 Rh2 30. Rd4 c5 31. Rf4 f5 32. Bg8 e5 33. Rxf5 Rxh4 34. Bxe5 Nxe5 35. Rxe5 Rh1 36. Kd3 Ra1 37. Re2 Kb7 38. Bf7 Ka6 39. f4 Rh1 40. Bd5 Ra1 41. f5 h5 42. f6 h4 43. f7 Rd1+ 44. Rd2 Ra1 45. f8=Q h3 46. Qe8 h2 47. Qb5# 1-0

[Event "CYCC U16 w"]
[Site "Ottawa CAN"]
[Date "2007.07.05"]
[Round "5"]
[White "Labrador, Jhoyli"]
[Black "Xiong, Sonja"]
[Result "0-1"]
[WhiteElo "1584"]
[BlackElo "1805"]
[PlyCount "110"]
[GameId "2160767910667553"]
[EventDate "2007.07.03"]
[EventType "tourn"]
[EventRounds "6"]
[EventCountry "CAN"]
[SourceTitle "EXT 2022"]
[Source "ChessBase"]
[SourceDate "2021.10.06"]
[SourceVersion "1"]
[SourceVersionDate "2021.10.06"]
[SourceQuality "1"]

1. d4 d5 2. c4 dxc4 3. Nc3 Nf6 4. Nf3 Bf5 5. e3 e6 6. Bxc4 Nbd7 7. O-O Bd6 8. Nb5 O-O 9. Nxd6 cxd6 10. Bd2 Rc8 11. Rc1 d5 12. Bb3 Qb6 13. Qe2 Ne4 14. Nh4 Bg6 15. Nxg6 hxg6 16. f3 Nxd2 17. Qxd2 Qb5 18. Rc2 a5 19. Rxc8 Rxc8 20. Rf2 Nb6 21. e4 a4 22. Bd1 Qc6 23. Qc2 Qd6 24. Qd3 Rd8 25. e5 Qb4 26. Qd2 Qb5 27. Qe2 Qa5 28. Qd2 Qa7 29. Qb4 Rc8 30. Rc2 Nc4 31. Qc3 Rc6 32. Qd3 Nxe5 33. Qe3 Nc4 34. Qf2 Qb6 35. f4 a3 36. b3 Nd6 37. Rxc6 bxc6 38. Kh1 Nf5 39. Qd2 Nxd4 40. Qe3 Qb5 41. Qxd4 Qf1+ 42. Qg1 Qxf4 43. Qe1 Qd4 44. h3 Qb2 45. Qe2 e5 46. Kg1 f5 47. Qxb2 axb2 48. Bc2 Kf7 49. a4 Ke7 50. a5 Kd7 51. Kf2 d4 52. g4 e4 53. Ke2 d3+ 54. Bxd3 exd3+ 55. Kxd3 b1=Q+ 0-1

[Event "CYCC U16 w"]
[Site "Ottawa CAN"]
[Date "2007.07.05"]
[Round "6"]
[White "Xiong, Sonja"]
[Black "Du, Jasmine"]
[Result "1-0"]
[WhiteElo "1805"]
[BlackElo "1801"]
[PlyCount "85"]
[GameId "2160767910667554"]
[EventDate "2007.07.03"]
[EventType "tourn"]
[EventRounds "6"]
[EventCountry "CAN"]
[SourceTitle "EXT 2022"]
[Source "ChessBase"]
[SourceDate "2021.10.06"]
[SourceVersion "1"]
[SourceVersionDate "2021.10.06"]
[SourceQuality "1"]

1. e4 e5 2. Nf3 Nc6 3. Nc3 Bc5 4. Bc4 d6 5. d3 h6 6. Be3 Bb6 7. h3 Nf6 8. O-O Ne7 9. d4 exd4 10. Bxd4 Ng6 11. Re1 O-O 12. Nd5 Nd7 13. Nxb6 Nxb6 14. Bb3 Nd7 15. Qd3 Nde5 16. Qc3 Qe7 17. Nxe5 Nxe5 18. f4 c5 19. Bxe5 dxe5 20. fxe5 Be6 21. Bd5 Rab8 22. Rad1 b6 23. Rd3 Rbc8 24. Rg3 Rfd8 25. Qe3 Bxd5 26. exd5 Kh8 27. c4 Qd7 28. b3 Re8 29. Qf2 Rcd8 30. Rf3 Qc8 31. Rxf7 Rf8 32. e6 Rxf7 33. Qxf7 Rf8 34. Qxa7 Qe8 35. Qxb6 Rf7 36. Qxc5 Re7 37. Qe3 Qd8 38. Qe5 Qb6+ 39. Kh1 Kg8 40. d6 Re8 41. e7 Qc6 42. Qe6+ Kh7 43. Qe4+ 1-0

[Event "CYCC U16 w playoff"]
[Site "Ottawa CAN"]
[Date "2007.07.06"]
[Round "1"]
[White "Du, Jasmine"]
[Black "Xiong, Sonja"]
[Result "0-1"]
[WhiteElo "1813"]
[BlackElo "1815"]
[PlyCount "84"]
[GameId "2160767910642431"]
[EventDate "2007.07.06"]
[EventType "match"]
[EventRounds "2"]
[EventCountry "CAN"]
[SourceTitle "EXT 2022"]
[Source "ChessBase"]
[SourceDate "2021.10.06"]
[SourceVersion "1"]
[SourceVersionDate "2021.10.06"]
[SourceQuality "1"]

1. e4 c5 2. Nf3 Nc6 3. d4 cxd4 4. Nxd4 Nf6 5. Nc3 e5 6. Nf5 d6 7. Ng3 Be7 8. Be2 Be6 9. Be3 d5 10. exd5 Nxd5 11. Nxd5 Bxd5 12. O-O O-O 13. f3 b6 14. c3 Rc8 15. Bd3 Be6 16. Qe2 Qc7 17. f4 Bd6 18. f5 Bd7 19. Ne4 f6 20. Rad1 Be7 21. Qf3 Nd8 22. Qg3 Nf7 23. Rf3 Rcd8 24. Rdf1 Qc6 25. Bc2 Kh8 26. Qh4 Bc8 27. Rh3 h6 28. Bb3 Ng5 29. Nxg5 fxg5 30. Bxg5 Bc5+ 31. Be3 Bxe3+ 32. Rxe3 Bb7 33. Qg4 Rd2 34. Re2 Qc5+ 35. Kh1 Rd6 36. Bc2 Ba6 37. f6 Rdxf6 38. Rxf6 Rxf6 39. Re1 Qf2 40. Qd1 Rd6 41. Qc1 Rd2 42. Bb1 Qxg2# 0-1

[Event "CYCC U16 w playoff"]
[Site "Ottawa CAN"]
[Date "2007.07.06"]
[Round "1"]
[White "Ruiter, Chelsea"]
[Black "Labrador, Jhoyli"]
[Result "1-0"]
[WhiteElo "1263"]
[BlackElo "1501"]
[PlyCount "81"]
[GameId "2160767910642432"]
[EventDate "2007.07.06"]
[EventType "match"]
[EventRounds "2"]
[EventCountry "CAN"]
[SourceTitle "EXT 2022"]
[Source "ChessBase"]
[SourceDate "2021.10.06"]
[SourceVersion "1"]
[SourceVersionDate "2021.10.06"]
[SourceQuality "1"]

1. e4 c5 2. b3 Nc6 3. Bb5 d6 4. Bxc6+ bxc6 5. Bb2 e5 6. d3 Be7 7. Ne2 Nh6 8. f4 Bh4+ 9. g3 Bf6 10. fxe5 Bxe5 11. Bxe5 dxe5 12. Nbc3 Bh3 13. Qd2 Bg2 14. Rg1 Bh3 15. O-O-O Ng4 16. Kb2 Nxh2 17. Qe3 Bd7 18. Qxc5 Qf6 19. Rh1 Ng4 20. Rhf1 Qe7 21. Qxe7+ Kxe7 22. Ra1 Rhf8 23. Na4 f5 24. Nc5 Bc8 25. exf5 Rxf5 26. d4 exd4 27. Nxd4 Rxc5 28. Rae1+ Re5 29. Nxc6+ Kd6 30. Nxe5 Nxe5 31. Rd1+ Ke6 32. Rd8 Bb7 33. Rxa8 Bxa8 34. Rf8 Bb7 35. Kc3 Ke7 36. Rf1 Bg2 37. Re1 Kd6 38. Rd1+ Kc6 39. Re1 Kd6 40. Kb4 Nc6+ 41. Ka3 1-0

[Event "CYCC U16 w playoff"]
[Site "Ottawa CAN"]
[Date "2007.07.06"]
[Round "2"]
[White "Labrador, Jhoyli"]
[Black "Ruiter, Chelsea"]
[Result "0-1"]
[WhiteElo "1501"]
[BlackElo "1263"]
[PlyCount "156"]
[GameId "2160767910642433"]
[EventDate "2007.07.06"]
[EventType "match"]
[EventRounds "2"]
[EventCountry "CAN"]
[SourceTitle "EXT 2022"]
[Source "ChessBase"]
[SourceDate "2021.10.06"]
[SourceVersion "1"]
[SourceVersionDate "2021.10.06"]
[SourceQuality "1"]

1. d4 Nf6 2. c4 c5 3. d5 d6 4. Nc3 Bd7 5. e4 g6 6. Be2 Bg7 7. Nf3 Bg4 8. O-O Bxf3 9. Bxf3 O-O 10. Be3 Nbd7 11. Be2 Qb6 12. Na4 Qc7 13. Nc3 Ne8 14. f4 Qb6 15. Rb1 Bd4 16. Qd2 Bxc3 17. Qxc3 Qb4 18. Bd2 Qxc3 19. Bxc3 Nef6 20. e5 dxe5 21. Bxe5 Nxe5 22. fxe5 Nd7 23. e6 fxe6 24. Rxf8+ Nxf8 25. dxe6 Nxe6 26. Bf3 Nd8 27. Re1 e6 28. Re5 Rc8 29. Bg4 Kf7 30. Kf2 Kf6 31. Re3 a6 32. a3 b5 33. b3 bxc4 34. bxc4 Rb8 35. Bf3 Rb2+ 36. Kg3 Nf7 37. Bg4 Nd8 38. Rd3 Ke7 39. Re3 Rc2 40. Be2 h5 41. Re5 Rc3+ 42. Kf4 Kd6 43. Rg5 Rxa3 44. Rxg6 Nf7 45. Bxh5 Nd8 46. Rg8 Ke7 47. Re8+ Kd7 48. Rg8 Rc3 49. Be2 a5 50. Rg7+ Kc6 51. Bf3+ Kb6 52. Rg8 Rxc4+ 53. Ke3 Nc6 54. Rc8 Ne5 55. Rb8+ Kc7 56. Ra8 Nxf3 57. gxf3 Kb6 58. Re8 Rc3+ 59. Kf4 Rc4+ 60. Kg3 Kb5 61. Rxe6 a4 62. h4 a3 63. Re1 Rb4 64. Ra1 Ka4 65. h5 Rb2 66. h6 Rb6 67. h7 Rh6 68. f4 Rxh7 69. f5 c4 70. Kf4 c3 71. Ke3 Rd7 72. f6 c2 73. Ke2 Kb3 74. f7 Rxf7 75. Kd2 Kb2 76. Rc1 Rc7 77. Re1 c1=Q+ 78. Rxc1 Rxc1 0-1

[Event "CYCC U16 w playoff"]
[Site "Ottawa CAN"]
[Date "2007.07.06"]
[Round "2"]
[White "Xiong, Sonja"]
[Black "Du, Jasmine"]
[Result "1-0"]
[WhiteElo "1815"]
[BlackElo "1813"]
[PlyCount "169"]
[GameId "2160767910642434"]
[EventDate "2007.07.06"]
[EventType "match"]
[EventRounds "2"]
[EventCountry "CAN"]
[SourceTitle "EXT 2022"]
[Source "ChessBase"]
[SourceDate "2021.10.06"]
[SourceVersion "1"]
[SourceVersionDate "2021.10.06"]
[SourceQuality "1"]

1. e4 e5 2. Nf3 Nc6 3. Nc3 d6 4. Bc4 Be7 5. O-O Nf6 6. h3 O-O 7. d3 h6 8. Nh2 Be6 9. Bb3 Nd4 10. f4 exf4 11. Bxf4 Nxb3 12. axb3 Nh7 13. Ne2 Kh8 14. Nd4 Qd7 15. Nxe6 Qxe6 16. Nf3 Bf6 17. c3 a6 18. Qc2 Rae8 19. Rae1 Qd7 20. d4 c6 21. e5 dxe5 22. Nxe5 Qd5 23. b4 Kg8 24. Re3 g5 25. Bh2 Bg7 26. Ref3 Re7 27. Rf5 Qe6 28. Qf2 Bh8 29. h4 Bg7 30. Kh1 gxh4 31. Qxh4 Ng5 32. Qg4 Kh7 33. Qh5 Kg8 34. Kg1 b6 35. R5f2 Ne4 36. Re2 Nf6 37. Qf3 Ng4 38. Rfe1 Nxh2 39. Kxh2 Qd6 40. Kg1 Bxe5 41. Qg4+ Qg6 42. Qxg6+ fxg6 43. Rxe5 Rxe5 44. Rxe5 Kf7 45. Kf2 Kf6 46. Kf3 Rf7 47. Kf4 g5+ 48. Kg4 Kg7 49. Re6 Rf4+ 50. Kg3 Rf6 51. Rxf6 Kxf6 52. Kg4 Kg6 53. c4 h5+ 54. Kf3 Kf5 55. g3 Kf6 56. Ke4 Ke6 57. Ke3 Kf5 58. Kf3 g4+ 59. Ke3 Kg5 60. d5 cxd5 61. cxd5 Kf5 62. d6 Ke6 63. Kf4 Kxd6 64. Kg5 Ke5 65. Kxh5 Kf5 66. b5 a5 67. b3 Ke4 68. Kxg4 Kd4 69. Kf4 Kc3 70. g4 Kxb3 71. g5 a4 72. g6 a3 73. g7 a2 74. g8=Q+ Kb2 75. Qg2+ Kb1 76. Qf1+ Kb2 77. Ke5 a1=Q 78. Qxa1+ Kxa1 79. Kd6 Ka2 80. Kc6 Ka3 81. Kxb6 Ka4 82. Kc6 Ka5 83. b6 Ka6 84. b7 Ka7 85. Kc7 1-0

[Event "CYCC U18"]
[Site "Ottawa CAN"]
[Date "2007.07.03"]
[Round "1"]
[White "Tam, Timothy"]
[Black "Lecquyer, Jason"]
[Result "1-0"]
[WhiteElo "1876"]
[BlackElo "1265"]
[PlyCount "53"]
[GameId "2160767910667555"]
[EventDate "2007.07.03"]
[EventType "swiss"]
[EventRounds "6"]
[EventCountry "CAN"]
[SourceTitle "EXT 2022"]
[Source "ChessBase"]
[SourceDate "2021.10.06"]
[SourceVersion "1"]
[SourceVersionDate "2021.10.06"]
[SourceQuality "1"]

1. e4 g6 2. d4 Bg7 3. Nf3 d6 4. Bc4 e6 5. O-O b6 6. Re1 Bb7 7. c3 Nd7 8. Bg5 Qc8 9. Nbd2 h6 10. Bh4 Ne7 11. Qc2 c5 12. d5 e5 13. Bd3 Rf8 14. Nc4 Qc7 15. a4 a6 16. Nfd2 b5 17. axb5 axb5 18. Rxa8+ Bxa8 19. Na3 Qb7 20. Nxb5 Nc8 21. Ra1 Ncb6 22. Ra7 Qb8 23. Nc7+ Qxc7 24. Rxc7 g5 25. Bg3 c4 26. Nxc4 Nxc4 27. Bxc4 1-0

[Event "CYCC U18"]
[Site "Ottawa CAN"]
[Date "2007.07.03"]
[Round "1"]
[White "Visser, Craig"]
[Black "Jia, Derek"]
[Result "0-1"]
[WhiteElo "1325"]
[BlackElo "2004"]
[PlyCount "52"]
[GameId "2160767910667556"]
[EventDate "2007.07.03"]
[EventType "swiss"]
[EventRounds "6"]
[EventCountry "CAN"]
[SourceTitle "EXT 2022"]
[Source "ChessBase"]
[SourceDate "2021.10.06"]
[SourceVersion "1"]
[SourceVersionDate "2021.10.06"]
[SourceQuality "1"]

1. e4 c5 2. Nf3 d6 3. Bc4 e6 4. O-O Nf6 5. d3 Nc6 6. Bg5 Be7 7. Nc3 a6 8. a3 b5 9. Bb3 Bb7 10. Re1 Qc7 11. h3 O-O 12. d4 Na5 13. d5 Nxb3 14. cxb3 b4 15. Bxf6 Bxf6 16. axb4 cxb4 17. Na4 exd5 18. exd5 Qa5 19. Nc3 Qd8 20. Na4 Re8 21. g3 Rxe1+ 22. Qxe1 Bxd5 23. Qd1 Bb7 24. Nd4 Qe7 25. Nb6 Re8 26. Nf5 Qe4 0-1

[Event "CYCC U18"]
[Site "Ottawa CAN"]
[Date "2007.07.03"]
[Round "1"]
[White "Ye, Ling Feng"]
[Black "Davidson, Benjamin"]
[Result "1-0"]
[WhiteElo "2084"]
[BlackElo "1728"]
[PlyCount "61"]
[GameId "2160767910667557"]
[EventDate "2007.07.03"]
[EventType "swiss"]
[EventRounds "6"]
[EventCountry "CAN"]
[SourceTitle "EXT 2022"]
[Source "ChessBase"]
[SourceDate "2021.10.06"]
[SourceVersion "1"]
[SourceVersionDate "2021.10.06"]
[SourceQuality "1"]

1. e4 c5 2. Nf3 d6 3. Nc3 Nc6 4. d4 cxd4 5. Nxd4 Nf6 6. Be2 e6 7. O-O Be7 8. Be3 d5 9. exd5 Nxd5 10. Nxd5 exd5 11. c3 O-O 12. Bd3 g6 13. Bh6 Re8 14. Bb5 Bd7 15. Qa4 Qc7 16. Nf3 a6 17. Bxc6 bxc6 18. Rfe1 c5 19. Qc2 Bf5 20. Qa4 Bd7 21. Qd1 Bc6 22. Qd2 Bd6 23. Qg5 Bf8 24. Bxf8 Kxf8 25. Qf6 Kg8 26. Ng5 Bb7 27. Re3 h6 28. Rae1 Rf8 29. Re7 Rae8 30. Rxe8 hxg5 31. Rxf8+ 1-0

[Event "CYCC U18"]
[Site "Ottawa CAN"]
[Date "2007.07.03"]
[Round "2"]
[White "Fokkema, Jerred"]
[Black "Balanaser, Morgan"]
[Result "1-0"]
[WhiteElo "1857"]
[BlackElo "1319"]
[PlyCount "57"]
[GameId "2160767910667560"]
[EventDate "2007.07.03"]
[EventType "swiss"]
[EventRounds "6"]
[EventCountry "CAN"]
[SourceTitle "EXT 2022"]
[Source "ChessBase"]
[SourceDate "2021.10.06"]
[SourceVersion "1"]
[SourceVersionDate "2021.10.06"]
[SourceQuality "1"]

1. e4 e5 2. Nf3 Nf6 3. Nxe5 d6 4. Nf3 Nxe4 5. d4 d5 6. Bd3 Bf5 7. Qe2 Be7 8. c4 c6 9. O-O Nd7 10. Re1 Ndf6 11. Nc3 Nxc3 12. bxc3 Bxd3 13. Qxd3 O-O 14. Ne5 Nd7 15. Re3 Bd6 16. Rh3 f5 17. f4 Qc7 18. cxd5 cxd5 19. Qf3 Bxe5 20. Qxd5+ Kh8 21. fxe5 Nb6 22. Qf3 g6 23. Ba3 Rfe8 24. Bd6 Qf7 25. Re1 Rac8 26. e6 Rxe6 27. Rxe6 Qxe6 28. Be5+ Kg8 29. Qxb7 1-0

[Event "CYCC U18"]
[Site "Ottawa CAN"]
[Date "2007.07.03"]
[Round "2"]
[White "Jia, Derek"]
[Black "Fowler, Paul"]
[Result "1-0"]
[WhiteElo "2004"]
[BlackElo "1403"]
[PlyCount "33"]
[GameId "2160767910667561"]
[EventDate "2007.07.03"]
[EventType "swiss"]
[EventRounds "6"]
[EventCountry "CAN"]
[SourceTitle "EXT 2022"]
[Source "ChessBase"]
[SourceDate "2021.10.06"]
[SourceVersion "1"]
[SourceVersionDate "2021.10.06"]
[SourceQuality "1"]

1. e4 e5 2. Nf3 Nc6 3. Bc4 Bc5 4. O-O Nf6 5. d3 d6 6. c3 Bg4 7. Bg5 Qd7 8. a4 a6 9. Nbd2 O-O-O 10. b4 Ba7 11. b5 Na5 12. bxa6 bxa6 13. Bxa6+ Kb8 14. Qb1+ Ka8 15. Qb4 Bb6 16. Be3 c5 17. Qxb6 1-0

[Event "CYCC U18"]
[Site "Ottawa CAN"]
[Date "2007.07.03"]
[Round "2"]
[White "Perelman, Leon"]
[Black "Ye, Ling Feng"]
[Result "0-1"]
[WhiteElo "1800"]
[BlackElo "2084"]
[PlyCount "98"]
[GameId "2160767910667562"]
[EventDate "2007.07.03"]
[EventType "swiss"]
[EventRounds "6"]
[EventCountry "CAN"]
[SourceTitle "EXT 2022"]
[Source "ChessBase"]
[SourceDate "2021.10.06"]
[SourceVersion "1"]
[SourceVersionDate "2021.10.06"]
[SourceQuality "1"]

1. Nf3 Nf6 2. c4 e6 3. g3 d5 4. Bg2 Be7 5. O-O O-O 6. b3 c6 7. Bb2 Nbd7 8. d3 b6 9. Nbd2 Bb7 10. Qc2 Rc8 11. e4 Nc5 12. e5 Nfd7 13. Rad1 Na6 14. a3 b5 15. Rfe1 Qb6 16. Rb1 c5 17. h4 Rfd8 18. Nh2 Nf8 19. Ng4 Rd7 20. Ne3 Rcd8 21. cxb5 Qxb5 22. Nf3 d4 23. Nc4 Bd5 24. Bc1 Qb7 25. Qe2 Nc7 26. Bf4 Rb8 27. Rec1 Qa6 28. Qa2 Nb5 29. Bd2 Qc6 30. Ne1 Bxg2 31. Nxg2 Qf3 32. Ne1 Qg4 33. Ng2 Ng6 34. a4 Nc7 35. Bg5 Bxg5 36. hxg5 Qxg5 37. Qe2 Nd5 38. Qe1 Nc3 39. Rxc3 dxc3 40. Qxc3 Rbd8 41. Rd1 Qg4 42. Nge3 Qd4 43. Qa5 Nxe5 44. Nxe5 Qxe5 45. Qb5 Qc3 46. Nc4 Rxd3 47. Rxd3 Qxd3 48. Qxc5 Qxb3 49. Qa5 Rd1+ 0-1

[Event "CYCC U18"]
[Site "Ottawa CAN"]
[Date "2007.07.04"]
[Round "3"]
[White "Fowler, Paul"]
[Black "Balanaser, Morgan"]
[Result "0-1"]
[WhiteElo "1403"]
[BlackElo "1319"]
[PlyCount "115"]
[GameId "2160767910667564"]
[EventDate "2007.07.03"]
[EventType "swiss"]
[EventRounds "6"]
[EventCountry "CAN"]
[SourceTitle "EXT 2022"]
[Source "ChessBase"]
[SourceDate "2021.10.06"]
[SourceVersion "1"]
[SourceVersionDate "2021.10.06"]
[SourceQuality "1"]

1. d4 Nf6 2. c4 g6 3. Nc3 Bg7 4. Nf3 O-O 5. e4 d6 6. Be2 e5 7. d5 Na6 8. Be3 Ne8 9. O-O f5 10. exf5 gxf5 11. Re1 f4 12. Bc1 Bh6 13. h3 Rf7 14. Ne4 Bf5 15. Bd3 Nf6 16. Qb3 Bxe4 17. Bxe4 Nc5 18. Qc2 Nfxe4 19. Rxe4 Nxe4 20. Qxe4 Qf6 21. Bd2 Raf8 22. Rc1 Rg7 23. Bc3 Qg6 24. Qxg6 hxg6 25. Ba5 b6 26. Bc3 g5 27. Rd1 g4 28. hxg4 Rxg4 29. b4 Bg7 30. Nh2 Rg6 31. Nf3 e4 32. Bxg7 Rxg7 33. Nd4 Rg6 34. Ne6 Rxe6 35. dxe6 Re8 36. Rd5 Rxe6 37. Rg5+ Kf7 38. Rh5 Kg6 39. Rh8 Re7 40. b5 e3 41. fxe3 fxe3 42. Kf1 Re4 43. Ke2 Rxc4 44. Kxe3 Rc5 45. Kf4 Rxb5 46. Rg8+ Kf7 47. Rh8 Rc5 48. g4 Kg6 49. Rg8+ Kf7 50. Rh8 a5 51. g5 Kg7 52. Rd8 b5 53. Rd7+ Kg6 54. Re7 Rc4+ 55. Re4 Rxe4+ 56. Kxe4 c5 57. Kd3 Kxg5 58. Ke3 0-1

[Event "CYCC U18"]
[Site "Ottawa CAN"]
[Date "2007.07.04"]
[Round "3"]
[White "Lecquyer, Jason"]
[Black "Davidson, Benjamin"]
[Result "0-1"]
[WhiteElo "1265"]
[BlackElo "1728"]
[PlyCount "45"]
[GameId "2160767910667565"]
[EventDate "2007.07.03"]
[EventType "swiss"]
[EventRounds "6"]
[EventCountry "CAN"]
[SourceTitle "EXT 2022"]
[Source "ChessBase"]
[SourceDate "2021.10.06"]
[SourceVersion "1"]
[SourceVersionDate "2021.10.06"]
[SourceQuality "1"]

1. g3 d5 2. Bg2 c5 3. e3 Nf6 4. b3 Nc6 5. d3 e5 6. Nd2 a5 7. Bb2 g6 8. Ne2 a4 9. a3 b5 10. Qc1 Bg7 11. c4 bxc4 12. bxc4 Ra6 13. cxd5 Nxd5 14. Qxc5 Nce7 15. Nc4 O-O 16. Nxe5 Ra5 17. Qc2 Nxe3 18. fxe3 Bxe5 19. Bxe5 Rxe5 20. Kd2 Nf5 21. Bh3 Nxe3 22. Qxc8 Qg5 23. Qc3 0-1

[Event "CYCC U18"]
[Site "Ottawa CAN"]
[Date "2007.07.04"]
[Round "3"]
[White "Tam, Timothy"]
[Black "Perelman, Leon"]
[Result "1-0"]
[WhiteElo "1876"]
[BlackElo "1800"]
[PlyCount "75"]
[GameId "2160767910667566"]
[EventDate "2007.07.03"]
[EventType "swiss"]
[EventRounds "6"]
[EventCountry "CAN"]
[SourceTitle "EXT 2022"]
[Source "ChessBase"]
[SourceDate "2021.10.06"]
[SourceVersion "1"]
[SourceVersionDate "2021.10.06"]
[SourceQuality "1"]

1. e4 c5 2. Nf3 d6 3. d4 cxd4 4. Nxd4 Nf6 5. Nc3 g6 6. g3 Nc6 7. Bg2 Bg7 8. Nxc6 bxc6 9. e5 dxe5 10. Bxc6+ Bd7 11. Bxa8 Qxa8 12. Rg1 Bg4 13. Qd3 O-O 14. Bg5 Rd8 15. Qe3 Nd5 16. Nxd5 Qxd5 17. Qd3 Qa5+ 18. Qc3 Qa6 19. f3 e4 20. Qa3 Qxa3 21. bxa3 Bxa1 22. fxg4 Bc3+ 23. Ke2 f6 24. Be3 a6 25. Rb1 Bd4 26. Rd1 Bb6 27. Bxb6 Rxd1 28. Kxd1 Kf7 29. Kd2 Ke6 30. c4 Kd6 31. a4 Kc6 32. a5 e6 33. Ke3 f5 34. gxf5 exf5 35. h3 g5 36. g4 f4+ 37. Kxe4 h6 38. Kf5 1-0